000 00550nam a22002297a 4500
003 UA-OsUOA
001 41034
007 ta
008 20080710b un ||||| |||| 00| 0 ukr d
100 _aДядьо М.
090 _a09-282
_bД99
942 _cBR
040 _aUA-OsUOA
_bukr
_cUA-OsUOA
_dUA-OsUOA
245 _aІсторія вселенської Церкви
300 _a44 с.
955 _a1
041 _aukr
080 _a09-282
260 _aЛяндсгут
650 7 _a0 Загальний відділ.
_2UDC
999 _c439535
_d439535